000
00276nam a2200109Ia 4500
008
220204s9999 xx 000 0 und d
082
_a
02:015
_b
RAN
100
_a
Ranganathan, S R
245
0
_a
Physical bibliography for librarians
260
_a
Bombay
_b
Asia
_c
1974
942
_c
BK
999
_c
24330
_d
24330